00626 a2200205 4500260001000000630004300010037002100053650002600074100002400100260001100124245013700135300001000272650002100282260000900303300001100312100000700323440005000330037001100380700002900391 aParis a34 - Droit. Jurisprudence. Legislation bARRAY(0x9fa9a78) a3 - SCIENCES SOCIALES aDroz, Georges A. L. bDalloz aCompétence Judiciaire et effets des Jugements dans le marché commun : étude de la convention de Bruxelles du 27 Septembre 1968 a577 p aDroit commercial c1972 b243 cm lFr aBibliothèque de droit international privé a05/081 aPréf., Batiffol, Henri